[Event "SVK-chT1W 2122"]
[Site "Slovakia"]
[Date "2022.05.15"]
[Round "11.6"]
[White "Joba, Arpad"]
[Black "Magerciak, Roman"]
[Result "1-0"]
[WhiteElo "2070"]
[BlackElo "1967"]
[PlyCount "55"]
[EventDate "2021.11.06"]
[EventType "team-tourn"]
[EventRounds "11"]
[EventCountry "SVK"]
[SourceTitle "EXT 2023"]
[Source "ChessBase"]
[SourceDate "2022.10.05"]
[SourceVersion "1"]
[SourceVersionDate "2022.10.05"]
[SourceQuality "1"]
[WhiteTeam "Komarno"]
[BlackTeam "Povazska Bystrica"]
[WhiteTeamCountry "SVK"]
[BlackTeamCountry "SVK"]

1. e4 c5 2. Nf3 d6 3. c3 Nf6 4. Be2 Nc6 5. d4 cxd4 6. cxd4 Nxe4 7. d5 Qa5+ 8. Nc3 Nxc3 9. bxc3 Ne5 10. Nxe5 dxe5 11. Qb3 Bd7 12. 0-0 Rc8 13. Qxb7 Rc7 14. Qb8+ Rc8 15. Qxe5 Qxc3 16. Qxc3 Rxc3 17. Be3 Rc2 18. Rfb1 f6 19. Bd3 Rc3 20. Rb3 Rc7 21. Rc1 Rxc1+ 22. Bxc1 e6 23. Rb8+ Kf7 24. Rb7 Ke8 25. dxe6 Bxe6 26. Rxa7 Be7 27. Bb5+ Kf7 28. Ba3 1-0

[Event "SVK-chT2B 1920"]
[Site "Slovakia"]
[Date "2020.03.08"]
[Round "11.3"]
[White "Magerciak, Roman"]
[Black "Kalisky, Vladimir"]
[Result "1/2-1/2"]
[WhiteElo "1969"]
[BlackElo "2134"]
[PlyCount "134"]
[EventDate "2019.10.26"]
[EventType "team-tourn"]
[EventRounds "11"]
[EventCountry "SVK"]
[SourceTitle "CBM 195 Extra"]
[Source "ChessBase"]
[SourceDate "2020.05.31"]
[SourceVersion "1"]
[SourceVersionDate "2020.05.31"]
[SourceQuality "1"]
[WhiteTeam "Povazska Bystrica II"]
[BlackTeam "Tlmace"]
[WhiteTeamCountry "SVK"]
[BlackTeamCountry "SVK"]

1. d4 Nf6 2. c4 d6 3. Nc3 e5 4. d5 g6 5. e4 Bg7 6. Bd3 0-0 7. Nge2 a5 8. 0-0 Na6 9. f3 Nc5 10. Bc2 Ne8 11. Be3 f5 12. exf5 gxf5 13. a3 Kh8 14. b4 axb4 15. axb4 Rxa1 16. Qxa1 Na6 17. Qb1 Qh4 18. Bd3 c5 19. dxc6 bxc6 20. b5 cxb5 21. cxb5 Nc5 22. Bf2 Qg5 23. Bc4 e4 24. f4 Qd8 25. Rd1 Qa5 26. Qa2 Qxa2 27. Nxa2 Bb7 28. Nb4 Na4 29. Bb3 Nc5 30. Ba2 Bf6 31. Nd4 Nc7 32. b6 N7a6 33. Nxa6 Bxa6 34. Nxf5 Nd3 35. Nxd6 Nxf2 36. Kxf2 Bd3 37. Ke3 Bd8 38. Nf7+ Rxf7 39. Bxf7 Bxb6+ 40. Kd2 Ba5+ 41. Kc1 e3 42. Bh5 e2 43. Bxe2 Bxe2 44. Rd7 Bf1 45. g3 Bh3 46. Rd5 Bb6 47. Kd2 Bg1 48. Rh5 Bg4 49. Rh4 Bf3 50. Ke1 Kg7 51. Kf1 Be3 52. f5 h5 53. Rb4 Bg4 54. Rb5 Kf6 55. Kg2 Bd4 56. h3 Bxf5 57. Kf3 Bxh3 58. Rxh5 Bf5 59. g4 Bg6 60. Rd5 Be5 61. Ra5 Bf7 62. Ra6+ Kg5 63. Ke4 Bf4 64. Rb6 Bd2 65. Kf3 Bd5+ 66. Kg3 Bc4 67. Rb1 Be2 1/2-1/2

[Event "SVK-chT2B 1920"]
[Site "Slovakia"]
[Date "2020.03.07"]
[Round "10.3"]
[White "Lecky, Juraj"]
[Black "Magerciak, Roman"]
[Result "1-0"]
[WhiteElo "2068"]
[BlackElo "1969"]
[PlyCount "79"]
[EventDate "2019.10.26"]
[EventType "team-tourn"]
[EventRounds "11"]
[EventCountry "SVK"]
[SourceTitle "CBM 195 Extra"]
[Source "ChessBase"]
[SourceDate "2020.05.31"]
[SourceVersion "1"]
[SourceVersionDate "2020.05.31"]
[SourceQuality "1"]
[WhiteTeam "Levice"]
[BlackTeam "Povazska Bystrica II"]
[WhiteTeamCountry "SVK"]
[BlackTeamCountry "SVK"]

1. e4 c5 2. Nf3 d6 3. d4 cxd4 4. Nxd4 Nf6 5. Nc3 a6 6. Bc4 e6 7. Bb3 Be7 8. f4 Qc7 9. Qf3 0-0 10. f5 e5 11. Nde2 Nbd7 12. Bg5 b5 13. a3 Bb7 14. 0-0 Nb6 15. Bxf6 Bxf6 16. Ng3 Nc4 17. Bxc4 Qxc4 18. Nh5 Bd8 19. Qg4 g6 20. fxg6 hxg6 21. Nf6+ Bxf6 22. Rxf6 Kg7 23. Raf1 Bc8 24. Qg5 Be6 25. R6f3 Rac8 26. Qf6+ Kg8 27. Nd5 Rce8 28. Qh4 Kg7 29. Nf6 Rh8 30. Nxe8+ Rxe8 31. c3 Kg8 32. Qe1 d5 33. exd5 Bxd5 34. Rf6 e4 35. Qg3 Re7 36. Qd6 Rc7 37. Qd8+ Kg7 38. Rd6 Be6 39. Qf6+ Kh7 40. Rd8 1-0

[Event "SVK-chT1W 1920"]
[Site "Slovakia"]
[Date "2019.11.09"]
[Round "3.7"]
[White "Magerciak, Roman"]
[Black "Sulek, Viliam"]
[Result "1/2-1/2"]
[WhiteElo "1964"]
[BlackElo "2002"]
[PlyCount "35"]
[EventDate "2019.10.12"]
[EventType "team-tourn"]
[EventRounds "11"]
[EventCountry "SVK"]
[SourceTitle "CBM 193 Extra"]
[Source "ChessBase"]
[SourceDate "2020.01.31"]
[SourceVersion "1"]
[SourceVersionDate "2020.01.31"]
[SourceQuality "1"]
[WhiteTeam "Povazska Bystrica"]
[BlackTeam "Bratislava Slovan III"]
[WhiteTeamCountry "SVK"]
[BlackTeamCountry "SVK"]

1. d4 Nf6 2. c4 g6 3. Nc3 d5 4. cxd5 Nxd5 5. e4 Nxc3 6. bxc3 Bg7 7. Be3 0-0 8. Qd2 c5 9. Rc1 cxd4 10. cxd4 Nc6 11. d5 Ne5 12. Be2 Ng4 13. Bf4 e5 14. Be3 Nxe3 15. Qxe3 Qa5+ 16. Qc3 Qa4 17. Qc4 Qa5+ 18. Qc3 1/2-1/2

[Event "SVK-chT2B 1819"]
[Site "Slovakia"]
[Date "2019.03.03"]
[Round "9.5"]
[White "Krupa, Miroslav"]
[Black "Magerciak, Roman"]
[Result "1-0"]
[WhiteElo "1975"]
[BlackElo "1965"]
[PlyCount "63"]
[EventDate "2018.10.13"]
[EventType "team-tourn"]
[EventRounds "11"]
[EventCountry "SVK"]
[SourceTitle "CBM 189 Extra"]
[Source "ChessBase"]
[SourceDate "2019.06.03"]
[SourceVersion "1"]
[SourceVersionDate "2019.06.03"]
[SourceQuality "1"]
[WhiteTeam "Tlmace"]
[BlackTeam "Povazska Bystrica"]
[WhiteTeamCountry "SVK"]
[BlackTeamCountry "SVK"]

1. e4 c5 2. Nf3 d6 3. d4 cxd4 4. Nxd4 Nf6 5. Nc3 a6 6. f3 e5 7. Nb3 Be6 8. Be3 Nbd7 9. Qd2 Be7 10. 0-0-0 0-0 11. g4 b5 12. g5 b4 13. Ne2 Ne8 14. h4 a5 15. Kb1 f5 16. Bh3 Bxb3 17. cxb3 f4 18. Bf2 Nc7 19. Qc2 Na6 20. Qc6 Nac5 21. Rc1 Kh8 22. Rhd1 Qe8 23. Rc2 Ra7 24. Bxd7 Rxd7 25. Bxc5 Rd8 26. Qxe8 Rfxe8 27. Bb6 Ra8 28. Rd5 a4 29. bxa4 Rxa4 30. Ra5 Rxa5 31. Bxa5 Rb8 32. Bxb4 1-0

[Event "SVK-chT2B 1718"]
[Site "Slovakia"]
[Date "2018.02.24"]
[Round "8.5"]
[White "Magerciak, Roman"]
[Black "Hegedus, Roland"]
[Result "0-1"]
[WhiteElo "1946"]
[BlackElo "1981"]
[PlyCount "82"]
[EventDate "2017.10.28"]
[EventType "team-tourn"]
[EventRounds "11"]
[EventCountry "SVK"]
[SourceTitle "EXT 2019"]
[Source "ChessBase"]
[SourceDate "2018.10.10"]
[SourceVersion "1"]
[SourceVersionDate "2018.10.10"]
[SourceQuality "1"]
[WhiteTeam "Povazska Bystrica"]
[BlackTeam "Komarno II"]
[WhiteTeamCountry "SVK"]
[BlackTeamCountry "SVK"]

1. d4 Nf6 2. c4 g6 3. Nc3 Bg7 4. e4 0-0 5. f3 d6 6. Be3 Nbd7 7. Bd3 e5 8. d5 Nc5 9. Bc2 a5 10. Nge2 Nfd7 11. Qd2 Nb6 12. b3 f5 13. exf5 Bxf5 14. Bxc5 dxc5 15. Ne4 Bxe4 16. Bxe4 Qh4+ 17. g3 Qh3 18. Ng1 Qd7 19. h4 a4 20. Rb1 axb3 21. axb3 Qe7 22. g4 Nc8 23. Qe3 Ra5 24. h5 g5 25. h6 Bf6 26. Ne2 Nd6 27. Ng3 b6 28. Nh5 Nxe4 29. Qxe4 Bh8 30. Qe3 Raa8 31. Ng3 Rf4 32. Nf5 Qf6 33. 0-0 e4 34. Kh2 Ra2+ 35. Kg3 Rxf3+ 36. Rxf3 Qe5+ 37. Rf4 gxf4+ 38. Qxf4 Rg2+ 39. Kxg2 Qxf4 40. Kh3 Qf3+ 41. Kh4 Bf6+ 0-1

[Event "SVK-chT2B 1718"]
[Site "Slovakia"]
[Date "2018.02.04"]
[Round "7.6"]
[White "Magerciak, Roman"]
[Black "Machalec, Vladimir"]
[Result "1-0"]
[WhiteElo "1946"]
[BlackElo "1891"]
[PlyCount "101"]
[EventDate "2017.10.28"]
[EventType "team-tourn"]
[EventRounds "11"]
[EventCountry "SVK"]
[SourceTitle "EXT 2019"]
[Source "ChessBase"]
[SourceDate "2018.10.10"]
[SourceVersion "1"]
[SourceVersionDate "2018.10.10"]
[SourceQuality "1"]
[WhiteTeam "Povazska Bystrica"]
[BlackTeam "Prievidza"]
[WhiteTeamCountry "SVK"]
[BlackTeamCountry "SVK"]

1. d4 Nf6 2. c4 g6 3. Nc3 Bg7 4. e4 d6 5. f3 0-0 6. Be3 Nbd7 7. Bd3 c5 8. Nge2 cxd4 9. Nxd4 Qb6 10. Qd2 Ne5 11. Be2 Qc7 12. Rc1 Bd7 13. Nd5 Qd8 14. 0-0 Bc6 15. Rfd1 Ned7 16. b4 Ba4 17. Rf1 Nxd5 18. cxd5 Nb6 19. Bb5 a6 20. Bxa4 Nxa4 21. Qc2 Qd7 22. Qc7 Rfd8 23. Rc2 Bf6 24. Rfc1 Kg7 25. Nb3 b5 26. Na5 Nb2 27. Qxd7 Rxd7 28. Rc7 Rdd8 29. R1c2 Nd3 30. a3 Ne5 31. Kf1 Rd7 32. Ke2 Rad8 33. Bc1 e6 34. f4 Ng4 35. h3 Nh6 36. Nb7 Rxc7 37. Rxc7 Rb8 38. dxe6 Kg8 39. f5 g5 40. Nxd6 fxe6 41. fxe6 Be5 42. Rc6 Kf8 43. Bxg5 Ng8 44. Nf5 Ra8 45. Kf3 Bb2 46. Bc1 Ne7 47. Nxe7 Bxc1 48. Rxc1 Kxe7 49. Rc7+ Kxe6 50. Rxh7 a5 51. Rh6+ 1-0

[Event "SVK-chT2B 1718"]
[Site "Slovakia"]
[Date "2018.01.13"]
[Round "5.7"]
[White "Magerciak, Roman"]
[Black "Bielik, Peter"]
[Result "1/2-1/2"]
[WhiteElo "1946"]
[BlackElo "1789"]
[PlyCount "80"]
[EventDate "2017.10.28"]
[EventType "team-tourn"]
[EventRounds "11"]
[EventCountry "SVK"]
[SourceTitle "EXT 2019"]
[Source "ChessBase"]
[SourceDate "2018.10.10"]
[SourceVersion "1"]
[SourceVersionDate "2018.10.10"]
[SourceQuality "1"]
[WhiteTeam "Povazska Bystrica"]
[BlackTeam "Povazske Podhradie"]
[WhiteTeamCountry "SVK"]
[BlackTeamCountry "SVK"]

1. d4 d5 2. c4 e6 3. Nc3 Nf6 4. e3 Be7 5. Nf3 0-0 6. Bd3 Nbd7 7. 0-0 dxc4 8. Bxc4 Nb6 9. Bb3 c5 10. Qe2 Bd7 11. Rd1 Qc7 12. e4 cxd4 13. Nxd4 a6 14. e5 Nfd5 15. Bd2 Bc6 16. Nxc6 Qxc6 17. Rac1 Qd7 18. Be3 Nxc3 19. Rxc3 Nd5 20. Rcd3 Rfd8 21. Bxd5 exd5 22. Rxd5 Qe6 23. Qd3 h6 24. h3 Qc6 25. Qb3 b5 26. Rxd8+ Rxd8 27. Rxd8+ Bxd8 28. Qd1 Be7 29. Qd4 Qe6 30. b3 Qf5 31. Qb2 Qe4 32. Bb6 Bb4 33. Be3 Qd3 34. Qc1 Bc3 35. f4 Bb2 36. Qe1 Bc3 37. Qf2 Qb1+ 38. Kh2 Qd1 39. Bc5 Qd5 40. Be3 Qd1 1/2-1/2

[Event "SVK-chT2B 1718"]
[Site "Slovakia"]
[Date "2017.10.29"]
[Round "2.6"]
[White "Chrenko, Kristian"]
[Black "Magerciak, Roman"]
[Result "1-0"]
[WhiteElo "1970"]
[BlackElo "1963"]
[PlyCount "127"]
[EventDate "2017.10.28"]
[EventType "team-tourn"]
[EventRounds "11"]
[EventCountry "SVK"]
[SourceTitle "CBM 181 Extra"]
[Source "ChessBase"]
[SourceDate "2017.12.12"]
[SourceVersion "1"]
[SourceVersionDate "2017.12.12"]
[SourceQuality "1"]
[WhiteTeam "Tlmace"]
[BlackTeam "Povazska Bystrica"]
[WhiteTeamCountry "SVK"]
[BlackTeamCountry "SVK"]

1. d4 Nf6 2. Bf4 e6 3. e3 c5 4. c3 Qb6 5. Qb3 Qxb3 6. axb3 Be7 7. Bxb8 Rxb8 8. Rxa7 d5 9. Nf3 0-0 10. Nbd2 Bd6 11. Bd3 Rd8 12. 0-0 Bd7 13. e4 dxe4 14. Nxe4 Nxe4 15. Bxe4 Bb5 16. Rfa1 Ba6 17. Ng5 Rd7 18. R1xa6 cxd4 19. Ra1 dxc3 20. bxc3 Be5 21. Ra8 Rbd8 22. Rxd8+ Rxd8 23. Bxb7 Bxc3 24. Ra8 Rxa8 25. Bxa8 h6 26. Ne4 Bb4 27. f3 Kf8 28. Kf1 f5 29. Nf2 Ke7 30. Nd3 Bc3 31. b4 Kd6 32. b5 Ba5 33. f4 Bb6 34. Ke2 Bd4 35. Bc6 Bb6 36. Ne5 Bg1 37. Nf3 Bb6 38. Kd3 Bf2 39. Kc4 Be3 40. g3 Bb6 41. Nd4 Ke7 42. Bb7 Kd6 43. Bc8 e5 44. Nxf5+ Kc7 45. Be6 exf4 46. gxf4 Bg1 47. Nxg7 Bxh2 48. Ne8+ Kd8 49. Nd6 Bxf4 50. Nf5 Kc7 51. Kc5 h5 52. b6+ Kb8 53. Kc6 Bh2 54. Bf7 Bg1 55. b7 Bf2 56. Bxh5 Bg1 57. Bf3 Bf2 58. Nd6 Bg3 59. Ne4 Bf4 60. Nc3 Bg3 61. Nb5 Bf2 62. Nc7 Ka7 63. Kd7 Bg3 64. Kc8 1-0

[Event "SVK-chT2B 1617"]
[Site "Slovakia"]
[Date "2017.02.12"]
[Round "9.2"]
[White "Magerciak, Roman"]
[Black "Nagy, Attila"]
[Result "0-1"]
[WhiteElo "1968"]
[BlackElo "2092"]
[PlyCount "70"]
[EventDate "2016.10.08"]
[EventType "team-tourn"]
[EventRounds "11"]
[EventCountry "SVK"]
[SourceTitle "EXT 2018"]
[Source "ChessBase"]
[SourceDate "2017.10.13"]
[SourceVersion "1"]
[SourceVersionDate "2017.10.13"]
[SourceQuality "1"]
[WhiteTeam "Povazska Bystrica II"]
[BlackTeam "Sala Slovan Duslo"]
[WhiteTeamCountry "SVK"]
[BlackTeamCountry "SVK"]

1. d4 Nf6 2. c4 c5 3. d5 b5 4. cxb5 a6 5. b6 d6 6. Nc3 Qxb6 7. e4 g6 8. Nf3 Bg7 9. Be2 Nbd7 10. 0-0 0-0 11. Qc2 a5 12. a4 Ne8 13. Bg5 f6 14. Be3 Nc7 15. Nd2 Ba6 16. Nc4 Bxc4 17. Bxc4 Rab8 18. f4 Qxb2 19. Qxb2 Rxb2 20. Rfb1 Rfb8 21. Nb5 Rxb1+ 22. Rxb1 Na6 23. Rc1 Nb6 24. Nxd6 exd6 25. Bxa6 Nxa4 26. Bd2 f5 27. exf5 gxf5 28. Bd3 Nb2 29. Bxf5 a4 30. Bb1 a3 31. Bc3 Bxc3 32. Rxc3 Na4 33. Rc1 Nc3 34. Bd3 a2 35. Ra1 Rb1+ 0-1

[Event "SVK-chT2B 1516"]
[Site "Slovakia"]
[Date "2016.02.13"]
[Round "8.4"]
[White "Kral, Klaudia"]
[Black "Magerciak, Roman"]
[Result "1/2-1/2"]
[WhiteElo "1905"]
[BlackElo "1973"]
[PlyCount "85"]
[EventDate "2015.10.17"]
[EventType "team-tourn"]
[EventRounds "11"]
[EventCountry "SVK"]
[SourceTitle "EXT 2019"]
[Source "ChessBase"]
[SourceDate "2018.10.10"]
[SourceVersion "1"]
[SourceVersionDate "2018.10.10"]
[SourceQuality "1"]
[WhiteTeam "Batorove Kosihy"]
[BlackTeam "Povazska Bystrica SKS II"]
[WhiteTeamCountry "SVK"]
[BlackTeamCountry "SVK"]

1. e4 c5 2. c3 Nf6 3. e5 Nd5 4. d4 cxd4 5. Nf3 d6 6. Qxd4 e6 7. Bb5+ Bd7 8. Bxd7+ Qxd7 9. 0-0 Nc6 10. Qe4 dxe5 11. Nxe5 Nxe5 12. Qxe5 Qc7 13. Qxc7 Nxc7 14. Nd2 Be7 15. Nf3 0-0 16. Be3 Nd5 17. Bd4 Rfd8 18. Rfe1 b6 19. Rad1 Rac8 20. Be5 f6 21. Bg3 e5 22. a3 Nc7 23. Nh4 g6 24. Kf1 Rxd1 25. Rxd1 Rd8 26. Rxd8+ Bxd8 27. Nf3 Ne6 28. Ne1 Nc5 29. c4 Kf7 30. f3 Ke6 31. Ke2 f5 32. Nd3 Nd7 33. Nb4 a5 34. Nd5 Nf6 35. Nxf6 Bxf6 36. Bf2 Bd8 37. Kd3 Kd6 38. b4 axb4 39. axb4 Kc6 40. g4 Be7 41. Be1 Bd6 42. h3 Kd7 43. Bd2 1/2-1/2

[Event "SVK-chT2B 1516"]
[Site "Slovakia"]
[Date "2015.10.17"]
[Round "1.1"]
[White "Laho, Maros"]
[Black "Magerciak, Roman"]
[Result "1-0"]
[WhiteElo "1946"]
[BlackElo "1979"]
[PlyCount "65"]
[EventDate "2015.10.17"]
[EventType "team-tourn"]
[EventRounds "11"]
[EventCountry "SVK"]
[SourceTitle "EXT 2019"]
[Source "ChessBase"]
[SourceDate "2018.10.10"]
[SourceVersion "1"]
[SourceVersionDate "2018.10.10"]
[SourceQuality "1"]
[WhiteTeam "Surany Lokomotiva"]
[BlackTeam "Povazska Bystrica SKS II"]
[WhiteTeamCountry "SVK"]
[BlackTeamCountry "SVK"]

1. d4 Nf6 2. c4 e6 3. Nf3 b6 4. g3 Bb7 5. Bg2 Be7 6. 0-0 0-0 7. Nc3 Ne4 8. Qc2 Nxc3 9. Qxc3 f5 10. Be3 d6 11. b4 Bf6 12. Rac1 Nd7 13. Qb3 Qe7 14. Rfd1 Kh8 15. d5 e5 16. c5 bxc5 17. bxc5 Ba6 18. cxd6 cxd6 19. Rc7 Rfc8 20. Rdc1 Qd8 21. Qc2 Nc5 22. Rxc8 Rxc8 23. Qxf5 Bxe2 24. Ng5 Bxg5 25. Bxg5 Qf8 26. Qxf8+ Rxf8 27. Be7 Re8 28. Bxd6 Nd3 29. Rc2 Bg4 30. Be4 Ne1 31. Rc3 Rd8 32. Bxe5 Re8 33. f4 1-0

[Event "SVK-chT1W 1314"]
[Site "Slovakia"]
[Date "2014.03.22"]
[Round "10.8"]
[White "Magerciak, Roman"]
[Black "Ochrana, Ladislav"]
[Result "0-1"]
[WhiteElo "1916"]
[BlackElo "2045"]
[PlyCount "116"]
[EventDate "2013.10.12"]
[EventType "team-tourn"]
[EventRounds "11"]
[EventCountry "SVK"]
[SourceTitle "EXT 2015"]
[Source "ChessBase"]
[SourceDate "2014.11.20"]
[SourceVersion "1"]
[SourceVersionDate "2014.11.20"]
[SourceQuality "1"]
[WhiteTeam "Povazska Bystrica"]
[BlackTeam "Devinska Nova Ves"]
[WhiteTeamCountry "SVK"]
[BlackTeamCountry "SVK"]

1. d4 d5 2. c4 e6 3. Nc3 Nf6 4. Nf3 Be7 5. Bf4 0-0 6. e3 c5 7. dxc5 Bxc5 8. a3 Bd6 9. Bg5 Be7 10. cxd5 Nxd5 11. Nxd5 Bxg5 12. Nxg5 exd5 13. Qh5 Bf5 14. Be2 h6 15. Nf3 Bg6 16. Qg4 Qd7 17. Ne5 Qxg4 18. Bxg4 Kh7 19. Nxg6 Kxg6 20. 0-0 Nc6 21. Rfd1 Rfd8 22. Bf3 Ne7 23. g3 Kf6 24. Rac1 Ke6 25. Bg4+ f5 26. Be2 Rac8 27. Bb5 Rd6 28. Rxc8 Nxc8 29. Rc1 Ne7 30. b4 Nc6 31. Kf1 d4 32. Bxc6 Rxc6 33. Rxc6+ bxc6 34. Ke2 Kd5 35. Kd3 dxe3 36. fxe3 g5 37. h3 Ke5 38. Ke2 Ke4 39. Kf2 h5 40. Ke2 Ke5 41. Kd3 Kd5 42. Kd2 Kc4 43. Kc2 a6 44. Kd2 Kb3 45. Kd3 Kxa3 46. Kd4 Kxb4 47. Ke5 c5 48. Kxf5 c4 49. Kxg5 c3 50. Kxh5 c2 51. g4 c1Q 52. h4 Qxe3 53. g5 Qf3+ 54. Kh6 Qf8+ 55. Kh7 Qf7+ 56. Kh6 a5 57. g6 Qf4+ 58. Kh5 Qf6 0-1

[Event "SVK-chT2B 1314"]
[Site "Slovakia"]
[Date "2014.02.22"]
[Round "8.5"]
[White "Magerciak, Roman"]
[Black "Riabov, Alexander"]
[Result "1-0"]
[WhiteElo "1916"]
[BlackElo "2043"]
[PlyCount "96"]
[EventDate "2013.10.19"]
[EventType "team-tourn"]
[EventRounds "11"]
[EventCountry "SVK"]
[SourceTitle "EXT 2015"]
[Source "ChessBase"]
[SourceDate "2014.11.20"]
[SourceVersion "1"]
[SourceVersionDate "2014.11.20"]
[SourceQuality "1"]
[WhiteTeam "Povazska Bystrica III"]
[BlackTeam "Topolcany"]
[WhiteTeamCountry "SVK"]
[BlackTeamCountry "SVK"]

1. d4 d5 2. c4 Nc6 3. Nf3 Bg4 4. Nc3 dxc4 5. d5 Bxf3 6. exf3 Ne5 7. Bf4 Nd3+ 8. Bxd3 cxd3 9. 0-0 Nf6 10. Qxd3 c6 11. d6 exd6 12. Rfe1+ Kd7 13. Rad1 Kc7 14. Qc4 Qd7 15. Nb5+ Kd8 16. Nxd6 Nd5 17. Re8+ Qxe8 18. Nxe8 Kxe8 19. Qe4+ Kd8 20. Qe5 Rc8 21. Bg5+ Kd7 22. Qf5+ Kc7 23. Bf4+ Nxf4 24. Qxf4+ Kb6 25. Qxf7 g6 26. Rd7 Rb8 27. Qb3+ Ka6 28. Rd4 b5 29. a4 Bc5 30. Rd7 Rhd8 31. axb5+ Rxb5 32. Qa4+ Ra5 33. Qxc6+ Bb6 34. b3 Rxd7 35. Qxd7 h5 36. Qd3+ Rb5 37. h3 Ka5 38. g4 hxg4 39. fxg4 g5 40. Qc4 Rb4 41. Qd5+ Rb5 42. Qd2+ Rb4 43. Qa2+ Kb5 44. Kg2 a5 45. Qd2 Bc7 46. h4 gxh4 47. Qd3+ Kb6 48. Kh3 Bf4 1-0

[Event "SVK-chT2B 1314"]
[Site "Slovakia"]
[Date "2014.01.12"]
[Round "6.6"]
[White "Gazik, Renata"]
[Black "Magerciak, Roman"]
[Result "1/2-1/2"]
[WhiteElo "2067"]
[BlackElo "1916"]
[PlyCount "53"]
[EventDate "2013.10.19"]
[EventType "team-tourn"]
[EventRounds "11"]
[EventCountry "SVK"]
[SourceTitle "EXT 2015"]
[Source "ChessBase"]
[SourceDate "2014.11.20"]
[SourceVersion "1"]
[SourceVersionDate "2014.11.20"]
[SourceQuality "1"]
[WhiteTeam "Bojnice"]
[BlackTeam "Povazska Bystrica III"]
[WhiteTeamCountry "SVK"]
[BlackTeamCountry "SVK"]

1. d4 Nf6 2. c4 e6 3. Nc3 Bb4 4. a3 Bxc3+ 5. bxc3 0-0 6. e3 c5 7. Bd3 d5 8. cxd5 exd5 9. Nf3 c4 10. Bc2 Bg4 11. 0-0 Nc6 12. a4 Re8 13. Re1 Ne4 14. Bb2 Ng5 15. Qe2 Qf6 16. Bd1 Qg6 17. Kh1 Qh5 18. Qf1 Nxf3 19. Bxf3 Bxf3 20. gxf3 Re6 21. f4 Rh6 22. h3 Qf3+ 23. Kh2 Re8 24. Qg2 Qh5 25. Rg1 Rg6 26. Qf1 Ree6 27. Qd1 1/2-1/2

[Event "SVK-chT2B 1314"]
[Site "Slovakia"]
[Date "2013.11.23"]
[Round "3.3"]
[White "Magerciak, Roman"]
[Black "Barczi, Tibor"]
[Result "1/2-1/2"]
[WhiteElo "1916"]
[BlackElo "2072"]
[PlyCount "85"]
[EventDate "2013.10.19"]
[EventType "team-tourn"]
[EventRounds "11"]
[EventCountry "SVK"]
[SourceTitle "EXT 2015"]
[Source "ChessBase"]
[SourceDate "2014.11.20"]
[SourceVersion "1"]
[SourceVersionDate "2014.11.20"]
[SourceQuality "1"]
[WhiteTeam "Povazska Bystrica III"]
[BlackTeam "Batorove Kosihy"]
[WhiteTeamCountry "SVK"]
[BlackTeamCountry "SVK"]

1. d4 c5 2. d5 e5 3. Nc3 d6 4. e4 g6 5. Nf3 Bg7 6. Bg5 Ne7 7. Bb5+ Nd7 8. a4 h6 9. Bh4 0-0 10. 0-0 Kh7 11. Nd2 g5 12. Bg3 Ng6 13. a5 a6 14. Bd3 b5 15. axb6 Nxb6 16. Qe2 a5 17. Bb5 Nf4 18. Qd1 Bd7 19. Bxd7 Qxd7 20. Bxf4 exf4 21. Qe2 a4 22. Qd3 f5 23. Rfb1 Be5 24. Nc4 Nxc4 25. Qxc4 Bxc3 26. bxc3 Ra7 27. f3 fxe4 28. Qxe4+ Qf5 29. Rxa4 Rxa4 30. Qxa4 Qxd5 31. Re1 Kg6 32. Qd7 Rf6 33. Qe8+ Qf7 34. Qe4+ Rf5 35. Rb1 Kf6 36. Qc6 Rd5 37. Re1 Rd2 38. h3 Qd5 39. Qe8 Rd1 40. Qf8+ Kg6 41. Qe8+ Kf6 42. Qf8+ Kg6 43. Qe8+ 1/2-1/2

[Event "SVK-chT2B 1314"]
[Site "Slovakia"]
[Date "2013.10.20"]
[Round "2.3"]
[White "Magerciak, Roman"]
[Black "Kovac, Lubomir2222"]
[Result "0-1"]
[WhiteElo "1916"]
[BlackElo "2116"]
[PlyCount "60"]
[EventDate "2013.10.19"]
[EventType "team-tourn"]
[EventRounds "11"]
[EventCountry "SVK"]
[SourceTitle "EXT 2015"]
[Source "ChessBase"]
[SourceDate "2014.11.20"]
[SourceVersion "1"]
[SourceVersionDate "2014.11.20"]
[SourceQuality "1"]
[WhiteTeam "Povazska Bystrica III"]
[BlackTeam "Sala"]
[WhiteTeamCountry "SVK"]
[BlackTeamCountry "SVK"]

1. d4 Nf6 2. c4 e6 3. Nc3 Bb4 4. e3 0-0 5. Bd3 c5 6. a3 Bxc3+ 7. bxc3 d6 8. Nf3 Nc6 9. d5 Ne7 10. e4 e5 11. 0-0 Ng6 12. Ne1 Re8 13. g3 Bh3 14. Ng2 h6 15. Rb1 b6 16. Re1 Qd7 17. Ne3 Ng4 18. Nf5 Ne7 19. Nh4 g5 20. Ng2 f5 21. f3 Nf6 22. Bd2 f4 23. Rb2 Ng6 24. g4 h5 25. gxh5 Nxh5 26. Kh1 Bxg2+ 27. Kxg2 Nh4+ 28. Kf2 Qh3 29. Rf1 Qxh2+ 30. Ke1 Ng2+ 0-1

[Event "SVK-chT3B2 1213"]
[Site "Slovakia"]
[Date "2013.01.27"]
[Round "6.2"]
[White "Magerciak, Roman"]
[Black "Reisel, Frantisek"]
[Result "0-1"]
[WhiteElo "1932"]
[BlackElo "2005"]
[PlyCount "42"]
[EventDate "2012.10.28"]
[EventType "team-tourn"]
[EventRounds "14"]
[EventCountry "SVK"]
[SourceTitle "EXT 2022"]
[Source "ChessBase"]
[SourceDate "2021.10.06"]
[SourceVersion "1"]
[SourceVersionDate "2021.10.06"]
[SourceQuality "1"]
[WhiteTeam "Povazska Bystrica III"]
[BlackTeam "Prievidza SK III"]
[WhiteTeamCountry "SVK"]
[BlackTeamCountry "SVK"]

1. d4 d5 2. c4 c6 3. Nf3 Nf6 4. Nc3 g6 5. e3 Bg7 6. Bd3 Bg4 7. h3 Bxf3 8. Qxf3 0-0 9. Bd2 Qd6 10. 0-0-0 Nbd7 11. cxd5 cxd5 12. Kb1 a6 13. g4 Nb6 14. h4 h5 15. gxh5 Nxh5 16. Rhg1 Qf6 17. Qg4 e6 18. Ne2 Nc4 19. Bc3 Qxf2 20. Bxg6 fxg6 21. Qxg6 Qf5+ 0-1

[Event "Tatry op"]
[Site "Tatranske Zruby"]
[Date "2011.09.30"]
[Round "7"]
[White "Boguszlavszkij, Jevgenyij"]
[Black "Magerciak, Roman"]
[Result "1-0"]
[WhiteElo "2240"]
[BlackElo "1970"]
[PlyCount "111"]
[EventDate "2011.09.25"]
[EventType "swiss"]
[EventRounds "9"]
[EventCountry "SVK"]
[SourceTitle "CBM 144 Extra"]
[Source "ChessBase"]
[SourceDate "2011.10.28"]
[SourceVersion "1"]
[SourceVersionDate "2011.10.28"]
[SourceQuality "1"]

1. g3 Nf6 2. Bg2 g6 3. e4 d6 4. Ne2 Bg7 5. 0-0 0-0 6. Nbc3 a6 7. d3 c5 8. h3 Nc6 9. Be3 e6 10. Qd2 Rb8 11. Bh6 Qc7 12. Bxg7 Kxg7 13. f4 b5 14. Rae1 b4 15. Nd1 Nd4 16. f5 Nxe2+ 17. Rxe2 Bb7 18. g4 exf5 19. exf5 Bxg2 20. Rxg2 Rbe8 21. Nf2 d5 22. d4 Ne4 23. Nxe4 Rxe4 24. f6+ Kh8 25. dxc5 Qxc5+ 26. Qf2 Qe3 27. Qxe3 Rxe3 28. Rd2 Re5 29. Rf4 Rb8 30. Kf2 g5 31. Rf3 Rb6 32. Re2 Ree6 33. Rxe6 Rxe6 34. Rf5 h6 35. Rxd5 Rxf6+ 36. Ke3 Rc6 37. Kd3 Kg7 38. c4 bxc3 39. bxc3 Kf6 40. Kd4 Ke6 41. c4 Ke7 42. Re5+ Kd7 43. Rf5 Ke6 44. Rf3 f6 45. a4 Ke7 46. a5 Kd7 47. c5 Re6 48. Re3 Rc6 49. Rb3 f5 50. gxf5 Rf6 51. Ke5 Rc6 52. Rd3+ Kc7 53. Rd5 h5 54. f6 Kb8 55. f7 Rc8 56. Ke6 1-0